000 00310nam a22001457a 4500
999 _c54937
_d54937
008 190926b ||||| |||| 00| 0 eng d
020 _a9789951541015
041 _aeng
080 _a336
082 _a336
100 _a61
101 _aM F
245 _aP 5 Raportimi Financiar
_cShKÇAK
942 _2udc
_cBK